000 00485nam a2200193 a 4500
001 1761368409946
003 ACL
005 20251025103145.0
008 251025s2005##################000#0#eng##
020 _a9780131860827
082 0 4 _a658.575
_bVOG
100 1 _aVogel, Craig M.,
_eauthor.
245 1 0 _aThe Design of Things to Come :
260 _bPearson P T R,
_c2005.
300 _a237 pages
650 0 _aBusiness & Economics.
942 _cENGLISH
040 _aACL
_beng
_cACL
999 _c593560
_d593560